| 000 | 00396nam a2200121Ia 4500 | ||
|---|---|---|---|
| 008 | 170221s9999 xx 000 0 und d | ||
| 100 | _aKenneth Chukwuba | ||
| 245 | _aPerformance Appraisal in the Workplace | ||
| 245 | _cKenneth Chukwuba, Walden University. | ||
| 260 | _bJournal of Management and Marketing Research | ||
| 650 | _xBusiness | ||
| 856 | _uhttp://www.aabri.com/manuscripts/11909.pdf | ||
| 999 |
_c307768 _d307768 |
||